[Event "Dhaka Year Long GM 1st"]
[Site "Dhaka"]
[Date "2021.10.02"]
[Round "4"]
[White "Abu Sufian, Sakil"]
[Black "Aronyak, Ghosh"]
[Result "0-1"]
[WhiteElo "2242"]
[BlackElo "2440"]
[PlyCount "90"]
[EventDate "2021.09.29"]
[EventType "tourn"]
[EventRounds "9"]
[EventCountry "BAN"]
[EventCategory "6"]
[SourceTitle "CBM 204 Extra"]
[Source "ChessBase"]
[SourceDate "2021.11.30"]
[SourceVersion "1"]
[SourceVersionDate "2021.11.30"]
[SourceQuality "1"]

1. c3 d5 2. d4 Nf6 3. Nf3 e6 4. Bf4 Bd6 5. Bg3 0-0 6. Nbd2 c5 7. e3 Qc7 8. Bd3 Nbd7 9. 0-0 e5 10. dxe5 Nxe5 11. Nxe5 Bxe5 12. e4 Bxg3 13. hxg3 Bg4 14. Qb1 Rad8 15. Re1 dxe4 16. Nxe4 Nxe4 17. Bxe4 f5 18. Bf3 Bxf3 19. gxf3 Qc6 20. Kg2 g5 21. Qc1 f4 22. Re5 h6 23. gxf4 Rd3 24. Re3 gxf4 25. Rxd3 Qg6+ 26. Kh2 Qh5+ 27. Kg2 Qg6+ 28. Kh2 Rf5 29. Rd8+ Kg7 30. Rd7+ Kf8 31. Rd5 Qh5+ 32. Kg2 Qg5+ 33. Kf1 Rxd5 34. Qc2 Qh5 35. Qe4 Re5 36. Qxf4+ Ke7 37. Qg4 Qh1+ 38. Qg1 Qxf3 39. Qg7+ Kd6 40. Qxh6+ Re6 41. Qh2+ Kd7 42. Qg3 Qh1+ 43. Qg1 Qh3+ 44. Qg2 Qd3+ 45. Kg1 Rg6 0-1

[Event "Dhaka Year Long GM 1st"]
[Site "Dhaka"]
[Date "2021.09.29"]
[Round "1"]
[White "Abu Sufian, Sakil"]
[Black "Subrota, Biswas"]
[Result "1/2-1/2"]
[WhiteElo "2242"]
[BlackElo "2282"]
[PlyCount "106"]
[EventDate "2021.09.29"]
[EventType "tourn"]
[EventRounds "9"]
[EventCountry "BAN"]
[EventCategory "6"]
[SourceTitle "CBM 204 Extra"]
[Source "ChessBase"]
[SourceDate "2021.11.30"]
[SourceVersion "1"]
[SourceVersionDate "2021.11.30"]
[SourceQuality "1"]

1. e4 e5 2. Nf3 Nc6 3. Bb5 a6 4. Ba4 Nf6 5. 0-0 b5 6. Bb3 Bc5 7. a4 Rb8 8. c3 d6 9. d4 Bb6 10. a5 Ba7 11. h3 0-0 12. Be3 Re8 13. dxe5 Bxe3 14. exf6 Bh6 15. fxg7 Qf6 16. Re1 Qxg7 17. Kh1 Kh8 18. Nbd2 Rg8 19. Rg1 Ne7 20. Nf1 Ng6 21. Qd4 Ne5 22. Nxe5 dxe5 23. Qd3 b4 24. Ng3 Qf6 25. Qc2 bxc3 26. bxc3 Qh4 27. Nf5 Bxf5 28. exf5 Bf4 29. Ra4 Rg7 30. Bd5 Rbg8 31. Rb1 h5 32. Rab4 Rd8 33. Rb8 Rgg8 34. Rxd8 Rxd8 35. Rd1 Kg7 36. Bf3 Rxd1+ 37. Bxd1 e4 38. Qe2 e3 39. fxe3 Be5 40. c4 Bd6 41. Kg1 Bc5 42. Kf1 Qe4 43. Bc2 Qxe3 44. Qxe3 Bxe3 45. Be4 Bd2 46. Bb7 Bxa5 47. Bxa6 Kf6 48. Bc8 Ke5 49. Ke2 Kf4 50. Bd7 h4 51. Be8 f6 52. Bd7 Bb6 53. Kd3 Ke5 1/2-1/2

[Event "Dhaka Sheikh Hasina op"]
[Site "Dhaka"]
[Date "2021.09.27"]
[Round "9"]
[White "Manon, Reja Neer"]
[Black "Abu Sufian, Sakil"]
[Result "1/2-1/2"]
[WhiteElo "2162"]
[BlackElo "2242"]
[PlyCount "42"]
[EventDate "2021.09.19"]
[EventType "swiss"]
[EventRounds "9"]
[EventCountry "BAN"]
[SourceTitle "CBM 204 Extra"]
[Source "ChessBase"]
[SourceDate "2021.11.30"]
[SourceVersion "1"]
[SourceVersionDate "2021.11.30"]
[SourceQuality "1"]

1. e4 c6 2. d4 d5 3. Nc3 dxe4 4. Nxe4 Nf6 5. Nxf6+ exf6 6. c3 Bd6 7. Bd3 0-0 8. Qc2 Re8+ 9. Ne2 h5 10. Be3 Nd7 11. 0-0-0 Nf8 12. c4 Be6 13. Nc3 Rc8 14. Kb1 Bb4 15. Ne2 b5 16. Nf4 bxc4 17. Bxc4 Bxc4 18. Qxc4 Qa5 19. d5 cxd5 20. Qxd5 Qa6 21. Rc1 Bd6 1/2-1/2

[Event "Sheikh Kamal Online Inv"]
[Site "Tornelo INT"]
[Date "2021.08.29"]
[Round "9"]
[White "Tan, Jun Ying"]
[Black "Abu Sufian, Sakil"]
[Result "1-0"]
[WhiteElo "2151"]
[BlackElo "2242"]
[PlyCount "35"]
[EventDate "2021.08.27"]
[EventType "tourn (rapid)"]
[EventRounds "9"]
[EventCountry "BAN"]
[SourceTitle "CBM 204 Extra"]
[Source "ChessBase"]
[SourceDate "2021.11.30"]
[SourceVersion "1"]
[SourceVersionDate "2021.11.30"]
[SourceQuality "1"]

1. d4 d5 2. c4 c6 3. Nf3 Nf6 4. Nc3 dxc4 5. e4 b5 6. Be2 b4 7. Na4 Nxe4 8. Bxc4 e6 9. 0-0 Be7 10. Re1 Nf6 11. Qc2 Nbd7 12. Bxe6 fxe6 13. Qxc6 Rb8 14. Bf4 Rb6 15. Nxb6 Qxb6 16. Qxc8+ Bd8 17. Qc4 Nf8 18. Ng5 1-0

[Event "Asia zt 3.2 Online"]
[Site "Tornelo INT"]
[Date "2021.06.07"]
[Round "7"]
[White "Abu Sufian, Sakil"]
[Black "Zia, Tahsin Tajwar"]
[Result "1-0"]
[WhiteElo "2242"]
[BlackElo "2178"]
[PlyCount "117"]
[EventDate "2021.06.01"]
[EventType "swiss"]
[EventRounds "9"]
[EventCountry "NET"]
[SourceTitle "CBM 202 Extra"]
[Source "ChessBase"]
[SourceDate "2021.07.31"]
[SourceVersion "1"]
[SourceVersionDate "2021.07.31"]
[SourceQuality "1"]

1. e4 c6 2. d4 d5 3. Nc3 dxe4 4. Nxe4 Nf6 5. Nxf6+ exf6 6. c3 Bd6 7. Bd3 0-0 8. Qc2 Re8+ 9. Ne2 h5 10. Be3 Nd7 11. 0-0-0 Nf8 12. Kb1 Be6 13. c4 Rc8 14. a3 b5 15. c5 Bc7 16. h3 Bd5 17. Nc3 Ng6 18. Nxd5 Qxd5 19. Bxg6 fxg6 20. Qxg6 b4 21. axb4 a5 22. Bh6 Re7 23. Rhe1 Rd7 24. Rd2 Qf7 25. Qxf7+ Kxf7 26. Be3 axb4 27. Kc2 b3+ 28. Kxb3 Ba5 29. Kc4 Rb8 30. Rb1 Bxd2 31. Bxd2 Ra7 32. Bc3 Ra4+ 33. b4 Rd8 34. Rb2 g5 35. g4 h4 36. f4 gxf4 37. Rf2 Re8 38. Rxf4 Re3 39. g5 Ra3 40. Rxf6+ Ke7 41. Bb2 Rab3 42. Rf2 Rxh3 43. g6 Rbf3 44. Rd2 Rhg3 45. d5 Rf4+ 46. Bd4 h3 47. dxc6 Rxg6 48. Kb5 h2 49. Rxh2 Rxd4 50. Rh8 Rd8 51. Rh7+ Ke6 52. c7 Rf8 53. Kc6 Ke5+ 54. Kb7 Rgg8 55. Rd7 Ke6 56. c6 Rh8 57. b5 Rfg8 58. b6 Rf8 59. Rd8 1-0

[Event "Asian Hybrid"]
[Site "Tornelo INT"]
[Date "2021.05.28"]
[Round "8"]
[White "Abu Sufian, Sakil"]
[Black "Song, Raymond"]
[Result "0-1"]
[WhiteElo "2242"]
[BlackElo "2485"]
[PlyCount "60"]
[EventDate "2021.05.21"]
[EventType "swiss"]
[EventRounds "9"]
[EventCountry "NET"]
[SourceTitle "CBM 202 Extra"]
[Source "ChessBase"]
[SourceDate "2021.07.31"]
[SourceVersion "1"]
[SourceVersionDate "2021.07.31"]
[SourceQuality "1"]

1. e4 c5 2. Nf3 d6 3. d4 cxd4 4. Nxd4 Nf6 5. Nc3 a6 6. Bc4 e6 7. Be3 Be7 8. Bb3 0-0 9. g4 d5 10. exd5 exd5 11. g5 Ng4 12. h4 Nxe3 13. fxe3 Bb4 14. Qf3 Nc6 15. 0-0-0 Bxc3 16. bxc3 Be6 17. c4 Qc8 18. cxd5 Bg4 19. Qg2 Ne5 20. Qg3 Bxd1 21. Qxe5 Re8 22. Qf4 Bh5 23. Kb2 Qg4 24. Qf2 Qe4 25. Rh3 Rad8 26. c4 Bg6 27. Qd2 b5 28. c5 b4 29. Qc2 Qg4 30. Qh2 Rxe3 0-1